000 00666cab a22001815a 4500
001 L141347
008 071116s2007 xxkad f s 000 0 eng d
035 _a(Sirsi) u141347
041 0 _aeng
100 1 _aThomas, Huw
245 0 0 _aCardiff recovery still in full swing
260 _c2007
490 _aProperty Forecast
_v10(10) October 2007, 9-11(3)
520 _aReports on trends in office investment activity in Cardiff from 1991-2007. Finds that after a downturn in 2005, the market has recovered strongly following record levels of investment.
651 4 _aWales
_y2007-
690 _aPROPERTY-COMMERCIAL PROPERTY-COMMERCIAL PROPERTY MARKET
942 _n0
999 _c79465
_d79465